| 000 | 00811nam a2200229 a 4500 | ||
|---|---|---|---|
| 001 | 52952 | ||
| 003 | BD-RjUL | ||
| 005 | 20211209075903.0 | ||
| 008 | 161001m19741971bg ||||| |||| 00| 0 ben d | ||
| 020 | _c Tk. 12.50 | ||
| 035 | _a(BD-RjUL)53072 | ||
| 040 |
_aBD-RjUL _bben _cBD-RjUL |
||
| 041 | _aben | ||
| 082 |
_223 _a657.4 _bMOU 1974 |
||
| 100 |
_aমন্ডল, এম.এ. _9158309 |
||
| 245 |
_aউৎপাদনব্যয় হিসাবনিকাশ / _c এম.এ.মন্ডল |
||
| 260 |
_aরাজশাহী : _bমিসেস আখতার বানু , _c১৯৭৪ |
||
| 300 |
_avii, ২৫৫ পৃ. : _bচিত্র ; _c২১ সেমি. |
||
| 650 |
_aব্যয় হিসাবনিকাশ _9158310 |
||
| 650 |
_aCost accounting _9158311 |
||
| 942 |
_2ddc _cBK |
||
| 999 |
_c52952 _d52952 |
||